US States Containing the Letter E - Statistics

General Stats
  • This quiz has been taken 934 times
  • The average score is 19 of 20
Answer Stats
Answer % Correct
New York
98%
Georgia
97%
New Hampshire
97%
New Mexico
97%
Oregon
97%
Texas
97%
New Jersey
96%
Delaware
95%
Maine
95%
Pennsylvania
95%
Kentucky
94%
Nevada
94%
Tennessee
94%
Vermont
94%
West Virginia
94%
Nebraska
92%
Rhode Island
92%
Minnesota
91%
Connecticut
87%
Massachusetts
86%
No matching quizzes found
Score Distribution
Percent of People with Each Score
Percentile by Number Answered
Your Score History
You have not taken this quiz